El sistema dinámico de la cultura y los diversos estados de la mente humana (Record no. 180264)

MARC details
000 -LEADER
campo de control de longitud fija 00915nam a22002657i 4500
001 - NÚMERO DE CONTROL
campo de control 180264
003 - IDENTIFICADOR DE NÚMERO DE CONTROL
campo de control ES-MaACL
005 - FECHA Y HORA DE LA ÚLTIMA TRANSACCIÓN
campo de control 20250814052655.0
008 - DATOS DE LONGITUD FIJA--INFORMACIÓN GENERAL
campo de control de longitud fija 120522s1989 sp |||| | spa d
020 ## - NÚMERO INTERNACIONAL ESTÁNDAR DEL LIBRO
Número Internacional Estándar del Libro 84-7658-136-X
080 ## - NÚMERO DE LA CLASIFICACIÓN DECIMAL UNIVERSAL
Número de la Clasificación Decimal Universal 39
080 ## - NÚMERO DE LA CLASIFICACIÓN DECIMAL UNIVERSAL
Número de la Clasificación Decimal Universal 159.961
100 1# - ENTRADA PRINCIPAL--NOMBRE DE PERSONA
Nombre de persona Fericgla, Josep M.
9 (RLIN) 49299
245 13 - MENCIÓN DEL TÍTULO
Título El sistema dinámico de la cultura y los diversos estados de la mente humana
Resto del título : bases para un irracionalismo sistémico /
Mención de responsabilidad, etc. Josep M. Fericgla.
250 ## - MENCION DE EDICION
Mención de edición [1ª ed.].
260 ## - PUBLICACIÓN, DISTRIBUCIÓN, ETC.
Lugar de publicación, distribución, etc. [Barcelona] :
Nombre del editor, distribuidor, etc. Anthropos,
Fecha de publicación, distribución, etc. 1989.
300 ## - DESCRIPCIÓN FÍSICA
Extensión 80 p. ;
Dimensiones 27 cm.
490 1# - MENCIÓN DE SERIE
Mención de serie Cuadernos de antropología. Temas específicos ;
Designación de volumen o secuencia 9
504 ## - NOTA DE BIBLIOGRAFÍA, ETC.
Nota de bibliografía, etc. Bibliografía: p. 79-80.
650 #7 - PUNTO DE ACCESO ADICIONAL DE MATERIA--TÉRMINO DE MATERIA
Término de materia o nombre geográfico como elemento de entrada Antropología cultural y social
Fuente del encabezamiento o término embne
9 (RLIN) 9867
650 07 - PUNTO DE ACCESO ADICIONAL DE MATERIA--TÉRMINO DE MATERIA
Término de materia o nombre geográfico como elemento de entrada Parapsicología
Fuente del encabezamiento o término embne
9 (RLIN) 15827
830 0# - PUNTO DE ACCESO ADICIONAL DE SERIE-TÍTULO UNIFORME
Título uniforme Cuadernos de antropología
Designación de volumen o secuencia 9
9 (RLIN) 224620
852 ## - LOCALIZACIÓN
Ubicación ES-MaACL
Número de control de estantería 2313-F-9
Holdings
Estatus retirado Estado de pérdida Estado de daño No para préstamo Colección Biblioteca de origen Biblioteca actual Ubicación en estantería Fecha de adquisición Fuente de adquisición Total de préstamos Signatura topográfica completa Código de barras Visto por última vez Precio de reemplazo Tipo de ítem Koha
        Colección de folletos Biblioteca del Ateneo de Madrid Biblioteca del Ateneo de Madrid Depósito folletos 22/05/2012     2313-F-9 1189413 23/02/2023 23/02/2023 Folleto